000 00313nam a2200109Ia 4500
008 200302s9999 xx 000 0 und d
100 _aJon Lang
245 _aUrban Design a Typology of Procedures and Products Illustrated with Over 50 Case Studies
260 _bArchitectural Press
260 _c2005
300 _a419
999 _c5258
_d5258